[Event "Victoria Grand Pacific op 17th"]
[Site "Victoria"]
[Date "2024.03.30"]
[Round "3"]
[White "Mingrone, Peter"]
[Black "He, Matthew"]
[Result "0-1"]
[WhiteElo "1792"]
[BlackElo "2066"]
[PlyCount "83"]
[EventDate "2024.03.29"]
[EventType "swiss"]
[EventRounds "6"]
[EventCountry "CAN"]
[SourceTitle "CBM 219 Extra"]
[Source "ChessBase"]
[SourceDate "2024.05.31"]
[SourceVersion "1"]
[SourceVersionDate "2024.05.31"]
[SourceQuality "1"]

1. e4 c6 2. d4 d5 3. e5 Bf5 4. Nc3 e6 5. g4 Bg6 6. Nge2 c5 7. h4 h5 8. Nf4 Bh7 9. Nxh5 Nc6 10. dxc5 d4 11. Nb5 Bxc5 12. Qf3 Kf8 13. Nf4 Ke8 14. Nh5 Qd7 15. Bf4 Nb4 16. Na3 Kf8 17. Bc4 Qc6 18. Qxc6 Nxc6 19. 0-0-0 Nge7 20. Bg3 Be4 21. Rhe1 Bf3 22. Be2 Bxe2 23. Rxe2 Bxa3 24. bxa3 Nd5 25. Rf1 Nc3 26. Ree1 Na5 27. Nf4 Nc4 28. Ne2 Nxa2+ 29. Kb1 Nc3+ 30. Nxc3 Nd2+ 31. Kc1 Nxf1 32. Nb5 Nxg3 33. fxg3 Ke7 34. Nxd4 Rac8 35. Kb2 Rc4 36. c3 Rhc8 37. Re3 b5 38. g5 R8c5 39. Nb3 Rd5 40. Kc2 f6 41. gxf6+ gxf6 42. Nd4 0-1